| 000 | 00660nam a2200181Ia 4500 | ||
|---|---|---|---|
| 003 | GCL | ||
| 008 | 140319s9999 xx 000 0 ara d | ||
| 040 |
_aGCL / _cGCL |
||
| 082 | 0 | 4 |
_aق _b962.02 _bن ذ |
| 100 | 1 | _aياسين سويد | |
| 245 | 1 | 0 |
_aذكر تهلك جمهور الفرنساوية الاقطار المصرية والبلاد الشامية او الحملة الفرنسية على مصر والشام / _cياسين سويد |
| 700 | 1 | _aنقولا الترك | |
| 300 | _a175 ص | ||
| 490 |
_aالهيئة العامة للاستعلامات _v0 |
||
| 650 | 0 | 4 | _aالشام |
| 650 | 0 | 4 | _aالقاهرة - مظاهرات |
| 942 |
_2ddc _cBK |
||
| 999 |
_c47914 _d47914 |
||